000
00328 a2200145 4500
999
_c
12924
_d
12924
003
OSt
005
20240725154100.0
008
240725b ||||| |||| 00| 0 eng d
020
_a
9789867022929
100
_a
CHEN HUARONG
245
_a
Magic Paintbrush by Illustcation
260
_b
PHOENIX
300
_a
327p;
942
_2
ddc